000 00983nam a2200277Ia 4500
003 OSt
005 20221005111334.0
006 a|||||r|||| 00| 0
007 ta
008 221004b |||||||| |||| 00| 0 hin d
020 _a818143384X (hbk)
_c300
024 _a17770
037 _b524, 21/03/2015, Vani Prakashan
_cTextual
040 _aCRL
_cCRL
_bhin
041 _2hin
_ahin
082 _aY2, 152P7.1
100 _aधर्मवीर
245 0 _aमातृसत्ता, पितृसत्ता और जारसत्ता
246 _aMātṛusattā, pitṛusattā aur jārasattā
260 _aनई दिल्ली
_bवाणी प्रकाशन भारत
_c2005
300 _a107पृ0
_ccm.
490 _vखण्ड 1
650 _aभारतीय-लोक साहित्य
942 _hY2, 152P7.1
_cTEXL
_2cc
999 _c1021541
_d1021541